000
00288nam a22001337a 4500
008
210301b ||||| |||| 00| 0 eng d
020
_a
9781307079876
041
_a
eng
080
_a
615.83
100
_a
8
101
_a
EGZ
245
_a
Wellness
_c
Northwset Florida
942
_2
udc
_c
BK
999
_c
55312
_d
55312